| 000 | 00692 a2200169 4500 | ||
|---|---|---|---|
| 999 |
_c4272 _d4272 |
||
| 020 | _a0201544032 : | ||
| 050 | 0 | 0 | _aQA 76.76 BUD !994 |
| 100 | 1 |
_aBudgen, D. _eauthor |
|
| 245 | 1 | 0 |
_aSoftware design / _cDavid Budgen. |
| 264 |
_aNew York : _bAddison Wesley _c1994 |
||
| 300 |
_axiii, 382 p. : _bill. ; |
||
| 500 | _aIncludes bibliographical references (p. 371-375) and index. | ||
| 504 | _aIncludes bibliographical references (p. 371-375) and index. | ||
| 650 | 0 |
_aComputer software _xDevelopment. |
|
| 942 |
_2lcc _cBK _h76.76 _iBUD _kQA |
||